000 00704cam a22002413a 4500
001 32983
003 PGUSA
005 20140828083720.0
008 100626s2010||||xxu|||||s|||||000 | eng d
040 _aPGUSA
_beng
042 _adc
050 4 _aAP
245 1 0 _aHarper's New Monthly Magazine, No. 22, March, 1852, Volume 4.
_h[electronic resource]
260 _bProject Gutenberg,
_c2010
506 _aPublic domain in the USA.
516 _aElectronic text
653 _aCulture -- Periodicals
653 _aCivilization -- Periodicals
653 _aAmerican literature -- Periodicals
830 0 _aProject Gutenberg
_v32983
856 4 0 _uhttp://www.gutenberg.org/ebooks/32983
942 _cEB
999 _c262238
_d262238